Africa / (Record no. 15941)

000 -LEADER
fixed length control field 00454cam a2200181Ia 4500
020 ## - INTERNATIONAL STANDARD BOOK NUMBER
ISBN 0072847131 (pbk.)
020 ## - INTERNATIONAL STANDARD BOOK NUMBER
ISBN 9780072847130 (pbk.)
040 ## - CATALOGING SOURCE
Transcribing agency CDC
082 ## - DEWEY DECIMAL CLASSIFICATION NUMBER
Classification number 960 MCG 2004 A105 Or.
100 1# - MAIN ENTRY--AUTHOR NAME
Personal name Ramsay, Jeff.
245 10 - TITLE STATEMENT
Title Africa /
250 ## - EDITION STATEMENT
Edition statement 10th ed.
260 ## - PUBLICATION, DISTRIBUTION, ETC. (IMPRINT)
Place of publication Guilford, Conn. :
Name of publisher McGraw-Hill/Dushkin,
Year of publication c2004.
300 ## - PHYSICAL DESCRIPTION
Number of Pages 272 p. :
Other physical details ill., maps ;
Dimensions 28 cm.
490 1# - SERIES STATEMENT
Series statement Global studies
700 1# - ADDED ENTRY--PERSONAL NAME
Personal name Edge, Wayne.
942 ## - ADDED ENTRY ELEMENTS (KOHA)
Koha item type សៀវភៅភាសាអង់គ្លេស
952 ## - LOCATION AND ITEM INFORMATION (KOHA)
Withdrawn status [LOCAL, KOHA] 0
Holdings
Permanent Location Date acquired Koha item type Lost status Shelving location Barcode Current Location Full call number
Library Block A2017-12-19សៀវភៅភាសាអង់គ្លេស A104A12250Library Block A960 MCG 2004 A104 Or.
មជ្ឈមណ្ឌលឯការនៃសាកលវិទ្យាល័យភូមិន្ទកសិកម្មចំការដូង

Powered by Koha